Trouvez les paroles de Flemme d'Angèle - Statistiques

Statistiques générales
  • Ce quiz a été pris 48 fois
  • Le résultat moyen est 254 sur 325
Statistiques - réponses
Réponse % Correct
flemme
100%
ce
97%
Ce
97%
la
97%
c'est
94%
j'a!
94%
Les
94%
les
94%
ma
94%
pas
94%
j'ai
91%
pour
91%
avec
88%
de
88%
nuls
88%
do
88%
Encore
88%
encore
88%
Je
88%
nuls
88%
Sortir
88%
et
85%
Et
85%
reste
85%
t'façon
85%
thune
85%
un
85%
are
82%
moi-même
82%
soir
82%
sont
82%
think
82%
Une
82%
you
82%
dans
79%
plus
79%
qui
79%
soirée
79%
bouger
76%
filles
76%
mauvais
76%
mood
76%
pluvieuse
76%
s'allume
76%
belles
73%
ciel
73%
comme
73%
hier
73%
j'suis
73%
J'suis
73%
on
73%
Paris
73%
part
73%
toute
73%
Who
73%
Bruxelles
70%
gens
70%
rues
70%
sous
70%
the
70%
couvert
67%
hell
67%
sortent
67%
tard
67%
fame
64%
in
64%
m'attend
64%
m'manque
64%
out
64%
quelque
64%
regards
64%
canapé
61%
going
61%
mon
58%
of
58%
télé
58%
Y'a
58%
Ambiance
55%
bed
55%
clés
55%
dignité
55%
instead
55%
jusque
55%
mes
55%
s'allument
55%
sans
55%
Voilà
55%
l'appart
52%
perdre
48%
proud
48%
jogging
45%
d'éviter
42%
standing
42%
Team
42%
portable
36%
Laissez-moi
30%
tranquille
27%
Stayin'in
18%
Je répondrai
15%
Layin'in
9%
istead
3%
Aucun quiz correspondant
Distribution des résultats
% des personnes avec chaque résultat
Percentile par nombre de réponses
Votre historique - résultats
Vous n’avez pas pris ce quiz